BIOPCHEMISTRY AND CLINICAL PATHOLOGY: FOR FIRST YEAR DIPOLOMA IN PHARMACY (Record no. 5996)

MARC details
000 -LEADER
fixed length control field 00440nam a22001577a 4500
005 - DATE AND TIME OF LATEST TRANSACTION
control field 20240110120446.0
008 - FIXED-LENGTH DATA ELEMENTS--GENERAL INFORMATION
fixed length control field 190917b xxu||||| |||| 00| 0 eng d
020 ## - INTERNATIONAL STANDARD BOOK NUMBER
ISBN 978-9-86478-53-5
041 ## - LANGUAGE CODE
Language code of text/sound track or separate title eng
100 ## - MAIN ENTRY--AUTHOR NAME
Personal name RAJE,V.N
245 ## - TITLE STATEMENT
Title BIOPCHEMISTRY AND CLINICAL PATHOLOGY: FOR FIRST YEAR DIPOLOMA IN PHARMACY
250 ## - EDITION STATEMENT
Edition statement 3rd Ed.
260 ## - PUBLICATION, DISTRIBUTION, ETC. (IMPRINT)
Place of publication NEW DELHI
Name of publisher CBS. PUBLISHERS AND DISTRIBUTORS PVT.LTD.
300 ## - PHYSICAL DESCRIPTION
Number of Pages 179p,
942 ## - ADDED ENTRY ELEMENTS (KOHA)
Koha item type Books
Holdings
Lost status Damaged status Collection code Home library Current library Shelving location Date acquired Source of acquisition Cost, normal purchase price Accession Number Koha item type
    PHARMACY JRU Library JRU Library Shelf - 22- H 17/09/2019 PURCHESS 220.00 23424 Books
    PHARMACY JRU Library JRU Library Shelf - 22- H 17/09/2019 PURCHESS 220.00 23425 Books
    PHARMACY JRU Library JRU Library Shelf - 22- H 17/09/2019 PURCHESS 220.00 23426 Books
    PHARMACY JRU Library JRU Library SHELF-20-I 17/09/2019 PURCHESS 220.00 23427 Books